1883 1172 1760 1774 1126 1586 1192 1029 1529 1228 1117 1690 1113 1411 1946 1612 1109 1372 1799 1554 1025 1909 1244 1688 1673 1052 1553 1248 1643 1003 1399 1415 1399 1376 1934 1123 1071 1178 1970 1088 1782 1433 1882 1000 1340 1112 1618 1247 1316 1214 1555 1209 1369 1941 1253 1983 1168 1369 1096 1575 1372 1176 1216 1007 1047 1781 1560 1227 1377 1268 1196 1666 1666 1415 1404 1200 1678 1768 1800 1425 1997 1450 1196 1486 1845 1204 1004 1406 1906 1434 1812 1085 1011 1384 1628 1659 1015 1181 1786 BCNSPRNW ULIB Ver.6.0+V

เปลี่ยนเป็นภาษาไทย

Change to English
 แสดงรายละเอียดบรรณานุกรม
  กลับหน้าหลัก

Brief Record : Get Marc (ISO 2709) : E-mail record : QR code < ปิดหน้าต่าง
LEADER : 00000nam 2200000uu 4500
001    13399115039
003     ULIB
008    120705s2009||||th 000 0 tha d
020    ^a9780132084567
060 04 ^aQS17^bM386m 2009
100 1  ^aMartini, Frederic
245 10 ^aMartini is atlas of the human body /^cby Frederic H.
246 30 ^aAtlas of the human body
260    ^aSan Franncisco :^bBenjamin Cummings,^c2009
300    ^aiv, 123 p. :^bcol. ill. ;^c28 cm. +^e1 computer optical
500    ^aTo accompany: Fundamentals of anatomy and physiology, 6th
500    ^aSend to Single Search
650  2 ^aAnatomy^vatlases
650  2 ^aPhysiology^vatlases
700 1  ^aOber, William C.
730 0  ^aFundamentals of anatomy and physiology
730 0  ^a3-D anatomy CD-ROM version 1.0
945    ^p0^l0^i17649
945    ^p0^l0^i17652
995    ^akanchaporn
999 ^a ใช้งานได้ทุกระบบ
รายการนี้ยังไม่มีแท็ก
คุณยังไม่ได้ล็อกอิน คุณสามารถมีกิจกรรมร่วมกับเว็บไซต์ได้ แต่ต้องล็อกอินก่อน ::
  ล็อกอิน

รายการสื่อสารสนเทศ

ลำดับที่ ประเภท เลขเรียก/บาร์โค้ด สถานที่ สถานะ
- ไม่พบข้อมูล -

รายการใกล้เคียง
    ผู้แต่ง [Martini, Frederic]

    หัวเรื่อง [Anatomy atlases]

BibComment


ยังไม่เคยถูกคอมเมนท์

คอมเมนท์ทรัพยากรรายการนี้
  คอมเมนท์: Martini is atlas..


 Copyright 2026. Bcnsprnw @Library